Chile. Especies bentónicas de importancia comercial
Uloženo v:
| Hlavní autoři: | , |
|---|---|
| Korporace: | , |
| Médium: | Kniha |
| Jazyk: | španělština |
| Vydáno: |
Valparaíso
IFOP
2003
|
| Edice: | Chile. Recursos Pesqueros, 1
|
| Témata: | |
| Tagy: |
Přidat tag
Žádné tagy, Buďte první, kdo vytvoří štítek k tomuto záznamu!
|
MARC
| LEADER | 00000nam a2200000 a 4500 | ||
|---|---|---|---|
| 001 | UCK0775 | ||
| 003 | CL-VaPUC | ||
| 008 | 041022e20030000CL |||||||||||||||||spa|d | ||
| 020 | |a 9567470049 | ||
| 082 | 0 | 4 | |a 639.2 |b OLG |2 21 |
| 100 | |a Olguín Ibacache, Andrés Eugenio |e autor |9 840482 | ||
| 700 | 0 | |a Jerez Aranda, Gabriel |e author |9 488655 | |
| 110 | 2 | |a IFOP |e author |9 488656 | |
| 710 | 2 | |a Instituto de Fomento Pesquero |e author |9 488657 | |
| 245 | 1 | 0 | |a Chile. Especies bentónicas de importancia comercial |
| 300 | |a 25 p | ||
| 942 | |c BK | ||
| 945 | |d 20041022 00:00:00 |a cmena | ||
| 260 | |a Valparaíso |b IFOP |c 2003 | ||
| 650 | 0 | |a Industria pesquera |9 255432 | |
| 650 | 0 | |a Recursos marinos |9 261196 | |
| 650 | 0 | |a Bentos |9 316458 | |
| 650 | 0 | |a Pesca artesanal |9 261256 | |
| 650 | 0 | |a Distribución geográfica |9 260005 | |
| 651 | 7 | |a CHILE |2 CL-VaPUC |9 488658 | |
| 583 | |a last modification |c 20041022 00:00:00 |k Rodrigo Vera | ||
| 490 | 0 | |a Chile. Recursos Pesqueros, 1 | |
| 999 | |c 311044 |d 311042 | ||
| 952 | |0 0 |1 0 |2 ddc |4 0 |6 639_200000000000000_OLG_2003 |7 0 |8 CCM |9 380228 |a BIBCUR |b BIBCUR |d 2019-11-21 |i 4055683 |o 639.2 OLG 2003 |p 4055683 |r 2025-04-22 |w 2019-11-21 |y BK |k CIM | ||